| 000 | 00393nam a22001577a 4500 | ||
|---|---|---|---|
| 005 | 20171025123340.0 | ||
| 008 | 171025b xxu||||| |||| 00| 0 eng d | ||
| 020 | _a978-93-272-7445-5 | ||
| 041 | _aeng | ||
| 082 | _a634.9 | ||
| 100 |
_aREDDY, SR AND NAGAMANI, C _93992 |
||
| 245 | _aINTRODUCTION TO FORESTRY | ||
| 260 |
_aLUDHIYANA _bKALYANI PUBLESHERS _c2017 |
||
| 300 | _a176p. | ||
| 942 | _cBK | ||
| 999 |
_c5638 _d5636 |
||